Edward W. Said: cinco artículos de Edward W. Said publicados en Le Monde Diplomatique, dos inéditos en Chile

Salvato in:
Dettagli Bibliografici
Natura: Libro
Lingua:spagnolo
Pubblicazione: Santiago Aún Creemos en los Sueños 2006
Edizione:1a. ed
Serie:Selección de Artículos de Le Monde Diplomatique, 55
Soggetti:
Tags: Aggiungi Tag
Nessun Tag, puoi essere il primo ad aggiungerne!!

MARC

LEADER 00000nam a2200000 a 4500
001 UCJ9030
003 CL-VaPUC
008 070302e20060000CL |||||||||||||||||spa|d
020 |a 9568134557 
082 0 4 |a 320.01  |b EDW  |2 21 
245 1 0 |a Edward W. Said: cinco artículos de Edward W. Said publicados en Le Monde Diplomatique, dos inéditos en Chile 
250 |a 1a. ed 
300 |a 63 p 
942 |c BK 
945 |d 20070302 00:00:00  |a cmena 
260 |a Santiago  |b Aún Creemos en los Sueños  |c 2006 
650 7 |a FILOSOFIA POLITICA  |2 CL-VaPUC  |9 518918 
650 0 |a Problemas políticos  |9 393181 
650 0 |a Antropología cultural y social   |9 265143 
651 0 |a Palestina  |9 324189 
583 |a last modification  |c 20070302 00:00:00  |k Rodrigo Vera 
490 0 |a Selección de Artículos de Le Monde Diplomatique, 55 
999 |c 324669  |d 324667 
952 |0 0  |1 0  |4 0  |6 320_010000000000000_EDW_2006  |7 0  |8 A  |9 404958  |a BIBHIS  |b BIBHIS  |d 2019-11-22  |i 4288165  |o 320.01 EDW 2006  |p 4288165  |r 2025-01-20  |w 2019-11-22  |y BK  |k HIS